Nguồn lực vô hạn

Enregistré dans:
Détails bibliographiques
Auteur principal: Đặng, Đức Thành
Format: Livre
Langue:Vietnamese
Publié: Tp. Hồ Chí Minh Đại học Quốc gia Tp. Hồ Chí Minh 2015
Sujets:
Tags: Ajouter un tag
Pas de tags, Soyez le premier à ajouter un tag!
Thư viện lưu trữ: Trung tâm Học liệu Lê Vũ Hùng, Trường Đại học Đồng Tháp
LEADER 00927pam a22002778a 4500
001 00046542
008 210324s2015####-vm#################vie|d
005 20210324080340.0
020 # # |a 9786047330850  |c 0 
041 0 # |a vie 
082 0 4 |a 338.709 597  |b NG517L 
100 1 # |a Đặng, Đức Thành 
245 1 0 |a Nguồn lực vô hạn  |c Đặng Đức Thành 
260 # # |a Tp. Hồ Chí Minh  |b Đại học Quốc gia Tp. Hồ Chí Minh  |c 2015 
300 # # |a 182tr.  |b bảng, biểu đồ  |c 21cm 
653 # # |a Công ty 
653 # # |a Doanh nghiệp 
653 # # |a Việt Nam 
653 # # |a Thành công 
653 # # |a Nguồn lực 
653 # # |a Kinh doanh 
852 # # |j KD.0027918  |j KM.0035419  |j KM.0035420  |j KM.0035421 
920 |a Đặng Đức Thành 
930 |a 348992  |b 27/08/2015 
941 |b XH 
980 # # |a Trung tâm Học liệu Lê Vũ Hùng, Trường Đại học Đồng Tháp